From embers to a flame : (Record no. 7607)

MARC details
000 -LEADER
fixed length control field 00680nam a22002052 4500
001 - CONTROL NUMBER
control field 0000008500
005 - DATE AND TIME OF LATEST TRANSACTION
control field 20151217152034.0
008 - FIXED-LENGTH DATA ELEMENTS--GENERAL INFORMATION
fixed length control field 080416s xx 000 0 eng d
020 ## - INTERNATIONAL STANDARD BOOK NUMBER
International Standard Book Number 0875525121 :
Terms of availability KES 500
040 ## - CATALOGING SOURCE
Original cataloging agency KABU
Transcribing agency KABU
100 1# - MAIN ENTRY--PERSONAL NAME
Personal name Reeder III, Harry L.
-- 0000159109
245 10 - TITLE STATEMENT
Title From embers to a flame :
Remainder of title how God can revitalize your church /
Statement of responsibility, etc. Harry L. Reeder III with David Swavely.
260 ## - PUBLICATION, DISTRIBUTION, ETC. (IMPRINT)
Place of publication, distribution, etc. Phillipsburg, NJ. :
Name of publisher, distributor, etc. P & R,
Date of publication, distribution, etc. 2004.
300 ## - PHYSICAL DESCRIPTION
Extent viii, 208 p.
650 #0 - SUBJECT ADDED ENTRY--TOPICAL TERM
Topical term or geographic name as entry element Church renewal
General subdivision Biblical teaching.
-- 0000159110
700 1# - ADDED ENTRY--PERSONAL NAME
Personal name Swavely, David.
-- 0000159111
908 ## - PUT COMMAND PARAMETER (RLIN)
Put command parameter 080416
950 ## - LOCAL HOLDINGS (RLIN)
-- 1
Holdings
Withdrawn status Lost status Source of classification or shelving scheme Not for loan Home library Current library Date acquired Total Checkouts Full call number Barcode Date last seen Price effective from Koha item type
    Library of Congress Classification   Kabarak, Main Campus Kabarak, Main Campus 17/12/2015   BS680 .C48R44 005949 02/08/2024 17/12/2015 General Collection
Designed with assistance from East African Informatics Ltd